Statistics for Every The Everly Brothers song that hit the Billboard hot 100

Click here to take the quiz!

General Stats

  • This quiz has been taken 15 times
  • The average score is 6 of 31

Answer Stats

Peak Chart PositionYearSong% Correct
11960Cathy's Clown
82%
21958Bird Dog
64%
491958All I Have To Do Is Dream
55%
71961Walk Right Back
55%
61962Crying In The Rain
45%
81961Ebony Eyes
45%
101958Devoted To You
36%
71960Let It Be Me
36%
41959('til) I Kissed You
36%
81960When Will I Be Loved
36%
71960So Sad (To Watch Good Love Go Bad)
27%
271961Temptation
27%
311964Gone, Gone, Gone
18%
21958Problems
18%
401968Bowling Green
9%
501984On The Wings Of A Nightingale
9%
221959Poor Jenny
9%
161959Take A Message To Mary
9%
91962That's Old Fashioned (That's The Way Love Should Be)
9%
561960Always It's You
0%
741960Be Bop A-Lula
0%
481962Don't Ask Me To Be Friends
0%
201961Don't Blame Me
0%
751962How Can I Meet Her?
0%
761962I'm Here To Get My Baby Out Of Jail
0%
221960Like Strangers
0%
401958Love Of My Life
0%
211960Lucille
0%
821961Muskrat
0%
411961Stick With Me Baby
0%
721964The Ferris Wheel
0%

Score Distribution

Percentile by Number Answered

Percent of People with Each Score

Your Score History

You have not taken this quiz